[Event "Kimry-ch"]
[Site "Kimry"]
[Date "2016.01.07"]
[Round "9"]
[White "Berezhkov, Andrey"]
[Black "Nefedov, Dmitriy"]
[Result "1-0"]
[WhiteElo "2056"]
[BlackElo "2056"]
[PlyCount "63"]
[EventDate "2016.01.02"]
[EventType "swiss"]
[EventRounds "9"]
[EventCountry "RUS"]
[SourceTitle "CBM 170 Extra"]
[Source "ChessBase"]
[SourceDate "2016.02.25"]
[SourceVersion "1"]
[SourceVersionDate "2016.02.25"]
[SourceQuality "1"]

1. d4 Nf6 2. Nf3 e6 3. c4 d5 4. g3 Be7 5. Bg2 0-0 6. 0-0 b6 7. cxd5 exd5 8. Nc3 Bb7 9. Ne5 Nbd7 10. Qa4 Nb8 11. Rd1 a6 12. Qb3 c6 13. e4 Nxe4 14. Nxe4 dxe4 15. Bxe4 Qc7 16. Be3 b5 17. Rac1 Qd6 18. Bf4 Qf6 19. Rc2 h6 20. Rdc1 Bd6 21. Qf3 g5 22. Ng4 Qe6 23. Bf5 Qe7 24. Nxh6+ Kg7 25. Bxd6 Qxd6 26. Ng4 Qxd4 27. Ne3 Qf6 28. Qg4 Rd8 29. h4 Rd4 30. hxg5 Rxg4 31. gxf6+ Kxf6 32. Bxg4 1-0

[Event "Kimry op 52nd"]
[Site "Kimry"]
[Date "2010.06.12"]
[Round "5"]
[White "Bivol, Alina"]
[Black "Nefedov, Dmitriy"]
[Result "1-0"]
[WhiteElo "2179"]
[BlackElo "2133"]
[PlyCount "83"]
[EventDate "2010.06.10"]
[EventType "swiss"]
[EventRounds "7"]
[EventCountry "RUS"]
[SourceTitle "CBM 136 Extra"]
[Source "ChessBase"]
[SourceDate "2010.07.02"]
[SourceVersion "2"]
[SourceVersionDate "2010.07.15"]
[SourceQuality "1"]

1. e4 c6 2. d4 d5 3. Nc3 dxe4 4. Nxe4 Nd7 5. c4 Ndf6 6. Nc3 Bf5 7. Nf3 e6 8. Qb3 Qb6 9. g3 Ne4 10. c5 Qxb3 11. axb3 Ngf6 12. Bg2 Nd5 13. Nxd5 exd5 14. 0-0 Be7 15. Re1 Be6 16. Bf4 0-0 17. Re2 Rfe8 18. Rae1 h6 19. Ne5 Ng5 20. h4 Nh7 21. Nxf7 Kxf7 22. Rxe6 Nf8 23. R6e2 Bf6 24. Be5 Ne6 25. Bxf6 gxf6 26. Bf3 Ng7 27. Bg4 Rxe2 28. Rxe2 Re8 29. Kf1 Re4 30. Rxe4 dxe4 31. Ke2 f5 32. Bh3 Kf6 33. Ke3 h5 34. Bf1 Ne6 35. Be2 Kg6 36. Bc4 Nc7 37. Kf4 Kf6 38. b4 b5 39. cxb6 axb6 40. b5 cxb5 41. Bb3 Ne8 42. d5 1-0

[Event "Kimry Summer op 45th"]
[Site "Kimry"]
[Date "2009.06.11"]
[Round "1"]
[White "Loev, Dmitrii"]
[Black "Nefedov, Dmitriy"]
[Result "1/2-1/2"]
[WhiteElo "1449"]
[BlackElo "2118"]
[PlyCount "46"]
[EventDate "2009.06.11"]
[EventType "swiss"]
[EventRounds "8"]
[EventCountry "RUS"]
[SourceTitle "EXT 2022"]
[Source "ChessBase"]
[SourceDate "2021.10.06"]
[SourceVersion "1"]
[SourceVersionDate "2021.10.06"]
[SourceQuality "1"]

1. e4 c6 2. d4 d5 3. exd5 cxd5 4. Nc3 Nf6 5. Nf3 Nc6 6. Bb5 g6 7. 0-0 Bg7 8. Ne5 Qb6 9. Bf4 0-0 10. h3 Be6 11. Nf3 h6 12. Re1 a6 13. Bxc6 Qxc6 14. Ne5 Qc8 15. Na4 Ra7 16. Nc5 Bf5 17. Ncd3 g5 18. Bd2 b6 19. Nb4 Rc7 20. a3 Bxc2 21. Nxc2 Rxc2 22. Bc3 Rxc3 23. bxc3 Qxc3 1/2-1/2

[Event "Kimry-ch"]
[Site "Kimry"]
[Date "2003.??.??"]
[Round "2"]
[White "Kuryshkin, Anatoliy"]
[Black "Nefedov, Dmitriy"]
[Result "0-1"]
[WhiteElo "1920"]
[BlackElo "2125"]
[PlyCount "60"]
[EventDate "2003.??.??"]
[EventType "swiss"]
[EventRounds "9"]
[EventCountry "RUS"]
[SourceTitle "EXT 2007"]
[Source "ChessBase"]
[SourceDate "2006.11.23"]
[SourceVersion "1"]
[SourceVersionDate "2006.11.23"]
[SourceQuality "1"]

1. e4 c5 2. Nf3 Nc6 3. d4 cxd4 4. Nxd4 Nf6 5. Nxc6 bxc6 6. e5 Qa5+ 7. Nc3 Qxe5+ 8. Be2 e6 9. 0-0 Be7 10. Re1 0-0 11. Bf3 Qb8 12. b3 d5 13. Bb2 Bd6 14. g3 e5 15. Bg2 Bf5 16. Qd2 Qc7 17. Nd1 Rad8 18. Qg5 Be4 19. f4 h6 20. Qh4 Rfe8 21. Nf2 Bxg2 22. Kxg2 d4 23. c3 c5 24. fxe5 Bxe5 25. cxd4 cxd4 26. Rac1 Qb7+ 27. Kg1 Qf3 28. Rcd1 Kh7 29. Rd3 Bxg3 30. Rf1 Bxf2+ 0-1

[Event "Kimry-ch"]
[Site "Kimry"]
[Date "2003.??.??"]
[Round "9"]
[White "Nefedov, Dmitriy"]
[Black "Lashkov, Vladimir"]
[Result "0-1"]
[WhiteElo "2125"]
[BlackElo "2030"]
[PlyCount "31"]
[EventDate "2003.??.??"]
[EventType "swiss"]
[EventRounds "9"]
[EventCountry "RUS"]
[SourceTitle "EXT 2007"]
[Source "ChessBase"]
[SourceDate "2006.11.23"]
[SourceVersion "1"]
[SourceVersionDate "2006.11.23"]
[SourceQuality "1"]

1. d4 d5 2. c4 e5 3. dxe5 d4 4. e3 Bb4+ 5. Bd2 dxe3 6. Bxb4 exf2+ 7. Ke2 fxg1N+ 8. Ke1 Qh4+ 9. Kd2 Bg4 10. Qe1 Qh6+ 11. Qe3 Nc6 12. Qxh6 0-0-0+ 13. Qd6 cxd6 14. Bxd6 Nxe5 15. c5 Nf6 16. Nc3 0-1

[Event "Kimry-ch"]
[Site "Kimry"]
[Date "2003.??.??"]
[Round "1"]
[White "Nefedov, Dmitriy"]
[Black "Ulianov, Sergey"]
[Result "0-1"]
[WhiteElo "2125"]
[BlackElo "2035"]
[PlyCount "86"]
[EventDate "2003.??.??"]
[EventType "swiss"]
[EventRounds "9"]
[EventCountry "RUS"]
[SourceTitle "EXT 2007"]
[Source "ChessBase"]
[SourceDate "2006.11.23"]
[SourceVersion "1"]
[SourceVersionDate "2006.11.23"]
[SourceQuality "1"]

1. e4 b6 2. f4 e6 3. Nf3 Bb7 4. d3 Nf6 5. Be2 Be7 6. 0-0 d6 7. c3 0-0 8. Na3 Nbd7 9. Nc2 c5 10. Ne3 Rc8 11. b3 Nh5 12. g3 Nhf6 13. g4 d5 14. e5 Ne8 15. g5 d4 16. cxd4 cxd4 17. Nxd4 Nxe5 18. Ndc2 Ng6 19. Bd2 Qc7 20. Nc4 b5 21. N4a3 Bc5+ 22. d4 Bd6 23. Bf3 Nh4 24. Bxb7 Qxb7 25. Qg4 Nf5 26. Qg2 Qxg2+ 27. Kxg2 Bxa3 28. Nxa3 Nxd4 29. Bb4 Nf5 30. Kf2 Ned6 31. Rfd1 Rfd8 32. Rac1 Rxc1 33. Rxc1 h6 34. gxh6 Nxh6 35. h3 Rd7 36. Rc6 Ne4+ 37. Ke3 Nf6 38. Bc5 Nd5+ 39. Kf3 Nf5 40. Nxb5 Nh4+ 41. Kg4 Ng2 42. Bxa7 Ngxf4 43. Nc3 Rxa7 0-1